000 00841na a2200277 4500
001 20968
003 MIRAKIL
005 20181213155040.0
008 170130b tu 000 0
035 _a20968
040 _aMilas
_btur
_cTR-AnCHP
041 _atur
082 _a324.2372
_bY35 2002
090 _a324.2372 Y35 2002
110 _aYeni Türkiye Partisi (YTP)
245 _aYeni Türkiye Partisi (YTP) tüzüğü
_cYTP
250 _a2. bs.
260 _a[Ankara]
_bYTP
_c2002
300 _a112 s.
_c16 sm.
610 _aYeni Türkiye Partisi (YTP)
_xTüzükler, 2002
610 _aYeni Türkiye Partisi (YTP)
_xPropaganda ve ideolojiler
650 _aSiyasal partiler
_xParti türleri
_ySosyal demokrat partiler
_zTürkiye
710 _aYeni Türkiye Partisi (YTP)
830 _aYeni Türkiye Partisi
942 _2ddc
_cBKS
999 _c5565
_d5565